000 00376nam a2200169Ia 4500
005 20240823011942.0
008 240823s9999||||xx |||||||||||||| ||und||
082 _A158.39
100 _aAbul Hashem
245 0 _aInterview Manual
250 _a1st
260 _b"Ramesh,Pub "
_aNew Delhi
500 _aYES
650 _aGeneral
_bGeneral
942 _cBK
999 _c163002
_d163002